1183 1079 1642 1483 1131 1529 1980 1867 1073 1663 1089 1775 1999 1240 1748 1230 1084 1311 1255 1034 1293 1964 1516 1753 1376 1355 1138 1150 1394 1848 1705 1072 1387 1515 1177 1028 1112 1744 1823 1217 1913 1664 1702 1188 1205 1237 1113 1699 1693 1142 1763 1342 1163 1503 1583 1184 1293 1546 1662 1091 1770 1777 1639 1384 1689 1202 1697 1327 1630 1847 1551 1708 1879 1840 1989 1408 1259 1642 1660 1229 1551 1802 1976 1109 1960 1818 1987 1355 1780 1407 1124 1526 2000 1281 1193 1008 1943 1993 1939 BCNSPRNW ULIB Ver.6.0+V

เปลี่ยนเป็นภาษาไทย

Change to English
 แสดงรายละเอียดบรรณานุกรม
  กลับหน้าหลัก

Brief Record : Get Marc (ISO 2709) : E-mail record : QR code < ปิดหน้าต่าง
LEADER : 00000nam 2200000uu 4500
001    13399111185
003     ULIB
008    110620s||||||||th 000 0 tha d
020    9786167061122
050  4 BF637.S8^bก573ว 2553
100 0  โอโช,^d1931-1990
245 10 Everyday Osho = 365 วัน มหัศจรรย์สมาธิ /^cOSHO, บรรยาย ; กำธร เก่งสกุล, แปล
250    พิมพ์ครั้งที่ 2
260    กรุงเทพฯ :^bโพสต์บุ๊กส์,^c2553
300    527 หน้า ;^c21 ซม
650  7 การพัฒนาตนเอง
650  7 จิตวิทยาประยุกต์
650  7 สมาธิ^xแง่จิตวิทยา
700 0  Osho,^d1931-1990
700 0  กำธร เก่งสกุล, แปล
710 1  โพสต์บุ๊กส์
945    ^p395^l0^i027997
995    ทศพร
999 ^a ใช้งานได้ทุกระบบ
รายการนี้ยังไม่มีแท็ก
คุณยังไม่ได้ล็อกอิน คุณสามารถมีกิจกรรมร่วมกับเว็บไซต์ได้ แต่ต้องล็อกอินก่อน ::
  ล็อกอิน

รายการสื่อสารสนเทศ

ลำดับที่ ประเภท เลขเรียก/บาร์โค้ด สถานที่ สถานะ
1. วิทยาศาสตร์การแพทย์ และสุขภาพ
วิทยาศาสตร์การแพทย์ และสุขภาพ
สถานะ=หนังสือเก่า
BF637.S8 ก573ว 2553 ฉ.1 
  Barcode: 027997
ห้องสมุดวิทยาเขตสวรรค์ประชารักษ์
►หนังสือทั่วไป
บนชั้น

รายการใกล้เคียง
    หัวเรื่อง [การพัฒนาตนเอง]
    หัวเรื่อง [จิตวิทยาประยุกต์]

BibComment


ยังไม่เคยถูกคอมเมนท์

คอมเมนท์ทรัพยากรรายการนี้
  คอมเมนท์: Everyday Osho 36..


 Copyright 2026. Bcnsprnw @Library